Sports Quiz

Random Sports Quiz

Juventud Guerrera PPV Opponents Quiz Stats

Quiz not verified by Sporcle

Challenge
Share
Tweet
Embed
Score 0/88 Timer 13:00
0 Plays Today
PPV Opponent % Correct
WCW StarrCade 1998Rey Misterio
96.4%
WCW Souled Out 1999Rey Misterio
96.4%
WWA The Revolution 2002Eddie Guerrero
94.5%
WCW Bash At The Beach 2000Lt. Loco
90.9%
WCW Bash At The Beach 1997Psicosis
89.1%
WCW Souled Out 1998Psicosis
89.1%
WCW SuperBrawl VIII 1998Chris Jericho
89.1%
WCW Slamboree 1998 (Winner)Dean Malenko
89.1%
WCW Bash At The Beach 1998Billy Kidman
89.1%
WCW Road Wild 1998Chris Jericho
89.1%
WCW World War 3 1998Billy Kidman
89.1%
WCW StarrCade 1998Billy Kidman
89.1%
WCW Souled Out 1999Billy Kidman
89.1%
WCW Souled Out 1999Psicosis
89.1%
WWA The Inception 2001Psicosis
89.1%
WWA The Revolution 2002Psicosis
89.1%
WCW World War 3 1996 (Winner)The Giant
80%
WCW World War 3 1997 (Winner)Scott Hall
78.2%
WCW SuperBrawl VII 1997La Parka
76.4%
WCW Bash At The Beach 1997La Parka
76.4%
WCW Souled Out 1998La Parka
76.4%
WCW World War 3 1998 (Winner)Kevin Nash
74.5%
WCW Fall Brawl 1996Konnan
70.9%
WCW SuperBrawl VII 1997Konnan
70.9%
WCW Uncensored 1998Konnan
70.9%
NWA TNA Weekly PPV #33 2003Jerry Lynn
61.8%
NWA TNA Weekly PPV #36 2003Jerry Lynn
61.8%
NWA TNA Weekly PPV #62 2003Jerry Lynn
61.8%
NWA TNA Weekly PPV #80 2004Jerry Lynn
61.8%
NWA TNA Weekly PPV #80 2004Jerry Lynn
61.8%
PPV Opponent % Correct
WWE The Great American Bash 2005Big Stevie Cool
58.2%
WWE The Great American Bash 2005Hollywood Nova
58.2%
WCW Souled Out 1998Silver King
56.4%
WCW Fall Brawl 1998Silver King
56.4%
WCW Halloween Havoc 1998Disco Inferno
56.4%
WWE The Great American Bash 2005The Blue Meanie
56.4%
WCW Fall Brawl 2000Mark Jindrak
52.7%
WCW Fall Brawl 2000Sean O'Haire
52.7%
WWE Armageddon 2005Kid Kash
52.7%
WCW Souled Out 1998El Dandy
50.9%
NWA TNA Weekly PPV #60 2003Chris Sabin
50.9%
NWA TNA Weekly PPV #61 2003Chris Sabin
50.9%
NWA TNA Weekly PPV #62 2003Chris Sabin
50.9%
NWA TNA Weekly PPV #80 2004Chris Sabin
50.9%
NWA TNA Weekly PPV #80 2004Chris Sabin
50.9%
WCW SuperBrawl VII 1997Villano IV
49.1%
WCW Bash At The Beach 1997Villano IV
49.1%
WCW Spring Stampede 2000Shannon Moore
47.3%
WCW Fall Brawl 2000Chuck Palumbo
47.3%
NWA TNA Weekly PPV #80 2004Elix Skipper
47.3%
WCW Fall Brawl 2000Mike Sanders
45.5%
WCW Fall Brawl 2000Shawn Stasiak
45.5%
NWA TNA Weekly PPV #62 2003Frankie Kazarian
45.5%
NWA TNA Weekly PPV #78 2004Eric Young
45.5%
NWA TNA Weekly PPV #82 2004Petey Williams
45.5%
NWA TNA Weekly PPV #84 2004Petey Williams
45.5%
NWA TNA Weekly PPV #84 2004Petey Williams
45.5%
NWA TNA Weekly PPV #60 2003Teddy Hart
41.8%
NWA TNA Weekly PPV #84 2004Teddy Hart
41.8%
NWA TNA Weekly PPV #84 2004Teddy Hart
41.8%
PPV Opponent % Correct
WWE No Mercy 2005Nunzio
41.8%
WCW Spring Stampede 1999Blitzkrieg
40%
WCW Spring Stampede 2000Chris Candido
36.4%
WCW Spring Stampede 2000Lash LeRoux
36.4%
WCW Fall Brawl 2000Reno
34.5%
NWA TNA Weekly PPV #61 2003Michael Shane
32.7%
NWA TNA Weekly PPV #78 2004Shark Boy
30.9%
WCW Spring Stampede 2000Crowbar
27.3%
NWA TNA Weekly PPV #80 2004Sonjay Dutt
27.3%
NWA TNA Weekly PPV #80 2004Sonjay Dutt
27.3%
WCW The Great American Bash 1998Reese
25.5%
WCW Spring Stampede 2000The Artist
25.5%
WCW Fall Brawl 2000Johnny The Bull
25.5%
NWA TNA Weekly PPV #84 2004Johnny Devine
25.5%
NWA TNA Weekly PPV #84 2004Jack Evans
23.6%
NWA TNA Weekly PPV #84 2004Jack Evans
23.6%
NWA TNA Weekly PPV #88 2004Xtreme Dean
18.2%
NWA TNA Weekly PPV #36 2003Jason Cross
16.4%
NWA TNA Weekly PPV #60 2003Kazunari Nosawa
12.7%
NWA TNA Weekly PPV #61 2003Kazunari Nosawa
12.7%
NWA TNA Weekly PPV #62 2003Kazunari Nosawa
12.7%
NWA TNA Weekly PPV #78 2004Matt Stryker
7.3%
NWA TNA Weekly PPV #78 2004Chad Collyer
5.5%
NWA TNA Weekly PPV #88 2004Frankie Sloan
5.5%
HUSTLE PPV 7 2005Monster J
5.5%
NWA TNA Weekly PPV #88 2004James Mason
3.6%
NWA TNA Weekly PPV #88 2004Robbie Dynamite
3.6%
HUSTLE PPV 7 2005Super Virus
3.6%

You're not logged in!

Compare scores with friends on all Sporcle quizzes.
Join for Free
OR
Log In

You Might Also Like...

Show Comments

Extras

Top Quizzes Today


Score Distribution

Your Account Isn't Verified!

In order to create a playlist on Sporcle, you need to verify the email address you used during registration. Go to your Sporcle Settings to finish the process.

Report this User

Report this user for behavior that violates our Community Guidelines.

Details: